| 000 | 00712nam a22001817a 4500 | ||
|---|---|---|---|
| 999 |
_c15118 _d15118 |
||
| 003 | OSt | ||
| 082 | _2631.75807 PRA/SO | ||
| 088 | _aT 292 | ||
| 100 |
_aPRAVEENA K. K _93454 |
||
| 245 | _aSoil erosion studies under simulated rainfall conditions in a lateritic terrain | ||
| 260 |
_aTavanur 2014 _bDEPARTMENT OF LAND &WATER RESOURCES AND CONSERVATION ENGINEERING |
||
| 300 | _a95 | ||
| 500 | _aSoil erosion studies under simulated rainfall conditions in a lateritic terrain | ||
| 520 | _aSoil erosion studies under simulated rainfall conditions in a lateritic terrain | ||
| 700 |
_aDr. Kurien E. K (Guide) _93474 |
||
| 856 | _uhttps://drive.google.com/open?id=19HKp8oSirFWvY5uJ6conoCwy2_9Tjg-j | ||
| 942 | _cTH | ||